Robots Everywhere! : (Record no. 193460)
[ view plain ]
| 000 -LEADER | |
|---|---|
| fixed length control field | 01951nam a2200301 ia4500 |
| 005 - DATE AND TIME OF LATEST TRANSACTION | |
| control field | 20231029115439.0 |
| 008 - FIXED-LENGTH DATA ELEMENTS--GENERAL INFORMATION | |
| fixed length control field | 231026t20232023si a b 000 0 eng d |
| 020 ## - INTERNATIONAL STANDARD BOOK NUMBER | |
| International Standard Book Number | 9789811240461 |
| Terms of availability | RM72.50 |
| Qualifying information | paperback |
| 040 ## - CATALOGING SOURCE | |
| Original cataloging agency | PPAK |
| Language of cataloging | eng |
| Transcribing agency | PPAK |
| Description conventions | rda |
| 082 04 - DEWEY DECIMAL CLASSIFICATION NUMBER | |
| Edition number | 23 |
| Classification number | 629.892 |
| 090 00 - LOCALLY ASSIGNED LC-TYPE CALL NUMBER (OCLC); LOCAL CALL NUMBER (RLIN) | |
| Classification number (OCLC) (R) ; Classification number, CALL (RLIN) (NR) | 629.892 |
| Feature heading | ANG |
| Feature heading | K |
| 100 1# - MAIN ENTRY--PERSONAL NAME | |
| Personal name | Ang, Kelly, |
| Relator term | author. |
| 245 10 - TITLE STATEMENT | |
| Title | Robots Everywhere! : |
| Remainder of title | unpeeled with Russ and Yammy / |
| Statement of responsibility, etc. | with Kelly Ang ; Illustrated by Nicholas Liem and Alan Bay |
| 264 #1 - PRODUCTION, PUBLICATION, DISTRIBUTION, MANUFACTURE, AND COPYRIGHT NOTICE | |
| Place of production, publication, distribution, manufacture | WS Education : |
| Name of producer, publisher, distributor, manufacturer | Singapore, |
| Date of production, publication, distribution, manufacture, or copyright notice | [2023?] |
| Date of production, publication, distribution, manufacture, or copyright notice | ©2023 |
| 300 ## - PHYSICAL DESCRIPTION | |
| Extent | 142 pages : |
| Other physical details | illustrations, photographs ; |
| Dimensions | 23 cm. |
| 336 ## - CONTENT TYPE | |
| Content type term | text |
| Source | rdacontent |
| 337 ## - MEDIA TYPE | |
| Media type term | unmediated |
| Source | rdamedia |
| 338 ## - CARRIER TYPE | |
| Carrier type term | volume |
| Source | rdacarrier |
| 490 1# - SERIES STATEMENT | |
| Series statement | Science Everywhere! series |
| 500 ## - GENERAL NOTE | |
| General note | Robots are taking over our world!Really? Think again! Robots come in many different forms - from industrial arms to appliances on wheels - and although they are everywhere, they're here to help us, not conquer us. Peel back the covers of this book to join Russ and Yammy, our fun-loving potato duo, as they find out more about robots. Through comics, corny jokes and an exclusive interview with a robot specialist, you'll be amazed and inspired by the world of robots, everywhere around you!Science, technology, engineering and math (commonly known as STEM) are everywhere around us - look carefully and you'll see many examples. Science Everywhere! is a fun series of books focusing on STEM concepts, and these books come with a huge dollop of corny humour! Each book will enthrall young readers with the laugh-out-loud antics of Yammy and Russ, who promise a mashing good time as they dig into the world of science. |
| 650 10 - SUBJECT ADDED ENTRY--TOPICAL TERM | |
| Topical term or geographic name entry element | Robotics |
| Form subdivision | Juvenile literature |
| Topical term or geographic name entry element | Robots |
| Form subdivision | Juvenile literature |
| 700 1# - ADDED ENTRY--PERSONAL NAME | |
| Personal name | Liem, Nicholas, |
| Relator term | illustrator. |
| Personal name | Bay, Alan, |
| Relator term | illustrator. |
| 830 #0 - SERIES ADDED ENTRY--UNIFORM TITLE | |
| Uniform title | Science everywhere! series |
| 942 ## - ADDED ENTRY ELEMENTS (KOHA) | |
| Source of classification or shelving scheme | Dewey Decimal Classification |
| Koha item type | Book |
| Withdrawn | Not for loan | Current library | Shelving location | Date acquired | Total Checkouts | Full call number | Barcode | Date last seen | Koha item type | Date last checked out | Total Renewals |
|---|---|---|---|---|---|---|---|---|---|---|---|
| Perpustakaan Alor Setar | Pinjaman Kanak-kanak | 27/11/2023 | K 629.892 ANG | A01799471 | 27/11/2023 | Book | |||||
| Perpustakaan Awam Sungai Petani | Pinjaman Kanak-kanak | 27/11/2023 | 2 | K 629.892 ANG | A01799472 | 28/10/2024 | Book | 16/10/2024 | |||
| Perpustakaan Baling | Pinjaman Kanak-kanak | 27/11/2023 | K 629.892 ANG | A01799476 | 27/11/2023 | Book | |||||
| Perpustakaan Bandar Baharu | Pinjaman Kanak-kanak | 27/11/2023 | K 629.892 ANG | A01799477 | 27/11/2023 | Book | |||||
| Perpustakaan Jitra | Pinjaman Kanak-kanak | 27/11/2023 | 1 | K 629.892 ANG | A01799473 | 19/01/2025 | Book | 08/12/2024 | 1 | ||
| Perpustakaan Kulim | Pinjaman Kanak-kanak | 27/11/2023 | K 629.892 ANG | A01799475 | 27/11/2023 | Book | |||||
| Perpustakaan Langkawi | Pinjaman Kanak-kanak | 27/11/2023 | 1 | K 629.892 ANG | A01799474 | 26/01/2026 | Book | 05/01/2026 |